Normale Ansicht MARC-Ansicht ISBD

Hoffnung auf besseres Klima (Titelsatznr. 372024)

[ MARC ]
MARC-Details
000 -Satzkennung
Kontrollfeld mit fester Länge 00771nam a22001937a 4500
008 - Feld mit fester Länge zur physischen Beschreibung - Allgemeine Angaben
Kontrollfeld mit fester Länge 201127b ||||| |||| 00| 0 eng d
040 ## - Katalogisierungsquelle
Original-Katalogisierungsstelle DE-2950
Katalogisierungssprache ger
Übertragungsstelle DE-2950
Beschreibungsfestlegungen rda
041 ## - Sprachcode
Sprachcode des Textes/der Tonspur oder des separaten Titels ger
245 ## - Titel
Haupttitel Hoffnung auf besseres Klima
Titelzusatz Klinikum. Die Nachricht vom Wechsel an der Spitze am Klinikum Frankfurt machte schnell die Runde. Mir ihr kam die Hoffnung auf ein besseres Betriebsklima/
Verantwortlichkeitsangabe Ines Weber-Rath
264 ## - Veröffentlichungsangabe, Vertriebsangabe, Herstellungsangabe
Erscheinungs-, Vertriebs-, Herstellungsdatum 2022
653 ## - Lokales Schlagwort
Nicht-normierter Term Frankfurt (Oder)
653 ## - Lokales Schlagwort
Nicht-normierter Term Klinikum
653 ## - Lokales Schlagwort
Nicht-normierter Term Geschäftsführer
773 ## - Übergeordnete Einheit
Ort, Verlag und Erscheinungsjahr Frankfurt (Oder) Märkisches Verlags- und Druckhaus GmbH & Co KG
Titel Märkische Oderzeitung
Verknüpfungsangaben 33. Jahrgang (2022) Nr. 285 vom 07.12.2022, S. 13: mit Foto
942 ## - Zusätzliche Felder (Koha)
Koha-Medientyp Aufsätze
Exemplare
Ausgeschieden Verloren Beschädigt Nicht entleihbar Permanenter Standort Aktueller Standort Aufstellungsort Eingabedatum Anzahl Ausleihen Signatur Letzte Aktivität Preis gültig von Medientyp
        Stadtarchiv Frankfurt (Oder) | Archivbibliothek Stadtarchiv Frankfurt (Oder) | Archivbibliothek Magazin 08/12/2022   Z2 08/12/2022 08/12/2022 Aufsätze